| LEADER |
00812nam0a2200217 450 |
| 001 |
16802402 |
| 010 |
|
|
|a 2-211-03861-1
|b Cart.
|d 9
|
| 100 |
|
|
|a 20171230d2003 u u0frey01 ba
|
| 101 |
0 |
|
|a fre
|
| 102 |
|
|
|a FR
|
| 200 |
0 |
|
|a Délivrez-moi !
|f Sanders Alex
|
| 207 |
|
1 |
|a
|
| 210 |
|
|
|a Paris
|b 11 rue de Sèvres.
|c L'Ecole des Loisirs
|d 2003
|
| 215 |
|
|
|a [13] p.
|c ill. en coul.
|d 18 x 18 cm
|
| 225 |
1 |
|
|a Loulou & Cie
|
| 300 |
|
|
|a Petite enfance / Livre cartonné
|
| 330 |
|
|
|a En ouvrant le livre, on libère le petit ours qui se promène dans les bois puisque Croco n'y est pas...
|
| 700 |
|
0 |
|a Sanders
|b Alex
|c auteur jeunesse, illustrateur, pein
|f 1964-....
|4 70
|
| 900 |
|
|
|a Album
|
| 901 |
|
|
|a Jeunesse
|
| 995 |
|
|
|a Médiathèque
|c Médiathèque
|f 089015861
|h 089015861
|k A SAN BB
|o p
|q j
|r az
|u A réparer
|e Médiathèque
|